| 000 | 01056nam a2200301 i 4500 | ||
|---|---|---|---|
| 003 | DO-SdBNP | ||
| 005 | 20251006093334.0 | ||
| 007 | ta | ||
| 008 | 201216e2020 dr ac||er ||| 00| pcspa d | ||
| 020 | _a9788494866623 | ||
| 040 |
_aDO-SdBNP _bspa _cBNPHU _erda |
||
| 041 | _hspa | ||
| 082 | 4 |
_axxx _bA634p _222 |
|
| 243 | _aAntología. | ||
| 245 | 0 | 0 |
_aAntología poética de la VIII semana internacional de la poesía de Santo Domingo, 2019 / _cEdición, Basilio Belliard |
| 246 | _aMuestra de poemas de los poetas internacionales. | ||
| 264 | 4 |
_aMadrid, España : _bAmargord ediciones, _c©2020. |
|
| 300 |
_a136 páginas , _bilustraciones, retratos ; _c20 cm |
||
| 336 |
_atexto _btxt _2rdacontent |
||
| 337 |
_asin mediación _bn _2rdamedia |
||
| 338 |
_avolumen _bnc _2rdacarrier |
||
| 490 | 1 |
_aColección de autores dominicanos _v16 |
|
| 490 | 1 |
_aArévalo _v11 |
|
| 590 | _aInventariado, 2025/BT | ||
| 700 | 1 |
_aBelliard, Basilio, _eeditor _4ed. _988661 |
|
| 830 | 0 |
_aColección de autores Dominicanos _n16 _pArévalo _n22 _977656 |
|
| 942 |
_2ddc _cLBS1 |
||
| 999 |
_c49292 _d49292 |
||